00787nam a2200265Ia 4500001000900000003000500009005001700014008004100031010001100072020002200083040000900105082002600114100002800140245009800168260003600266300001100302440001900313503000700332650002900339650001400368650003900382650003400421650002700455650003900482dia_5995CHAP20240612125015.0220117s2013 xx 000 0 und d a177160 a978-607-11-3207-9 cCHAP a808.8383 P73 A43 2013 aPrakash Khatnani, Sagar aAmagi : un relato increíble sobre la búsqueda de los sueños /c Sagar Prakash Khatnani aMéxico :b Santillana,c2013 a537 p. aSuma de letras aC. aConduct of lifexFiction aFiction  aLiteratura españolaxSiglo XXI  aMotivación (Psicología)  aNovela psicológica  0aSpanish literaturey21st century